00610nam a2200181 a 450000100100000000500170001000800410002702000150006804000250008304100080010810000310011624500770014726000400022430000210026450000210028595201050030699900170041100004300120201002040549.0140217s2002 xxu 000 0 spa d a0310205719 aDO-SdBNPbspacBNPHU17aeng1 aWarren, Rickd1954-97052010aThe purpose driven llife :bwhat on earth am I here for? /cRick Warren. aGrand Rapds, Michigan :bZondervan. a334 p. ;c25 cm. aIncluye índice 001050718MOaGRbGRcCTd2014-02-17iLF1l0o p43001-10r2020-06-25w2020-06-25y1ZNo se presta c42490d42490